Riconosci il Calciatore - Quiz n°18 - Statistics

Statistiche generali
  • Questo quiz è stato fatto 48 volte
  • Il punteggio medio è 12 su 18
Statistiche sulle risposte
Indizio Risposta % Corretto
Nazionalità Argentina
98%
Squadra di club 5 Argentinos Juniors 2014-2015
93%
Ruolo Centrocampista
93%
Squadra di club 3 Villarreal 2003-2007
83%
Squadra di club 4 Boca Juniors 2007-2014
80%
Data di nascita 24/06/1978
76%
Squadra di club 2 Barcellona 2002-2003
76%
Squadra di club 1 Boca Juniors 1996-2002
73%
Trofei per club Campionato argentino: 5
Boca Juniors: Apertura 1998, Clausura 1999, Apertura 2000, Apertura 2008, Apertura 2011
Coppa Libertadores: 3
Boca Juniors: 2000, 2001, 2007
Coppa Intercontinentale: 1
Boca Juniors: 2000
Recopa Sudamericana: 1
Boca Juniors: 2008
Coppa Intertoto UEFA: 1
Villarreal: 2004
68%
Trofei per nazionali Campionato sudamericano Under-20: 1
1997
Campionato mondiale Under-20: 1
1997
Oro olimpico: 1
Pechino 2008
61%
Peso 75 kg
59%
Altezza 182 cm
56%
Presenze in nazionale 51
56%
Trofei individuali Equipo Ideal de América: 5
1999, 2000, 2001, 2008, 2011
Calciatore argentino dell'anno: 4
2000, 2001, 2008, 2011
Calciatore sudamericano dell'anno: 1
2001
Premio Don Balón : 1
Miglior calciatore straniero: 2004-2005
56%
Gol nei club 146
54%
Gol in nazionale 17
54%
Presenze nei club 590
54%
Juan Román Riquelme
15%
Nessun quiz corrispondente trovato
Distribuzione punteggi
Percentuale di utenti per punteggio
Percentile per numero di risposta
I tuoi punteggi nel tempo
Non hai fatto questo quiz